London view management framework (Record no. 106803)

MARC details
000 -LEADER
fixed length control field 01401cad a22002415a 4500
001 - CONTROL NUMBER
control field L137502
008 - FIXED-LENGTH DATA ELEMENTS--GENERAL INFORMATION
fixed length control field 070412s2007 xxkabdof 000 0 eng d
035 ## - SYSTEM CONTROL NUMBER
System control number (Sirsi) u137502
041 0# - LANGUAGE CODE
Language code of text/sound track or separate title eng
050 04 - LIBRARY OF CONGRESS CALL NUMBER
Classification number 717 $2 18
110 2# - MAIN ENTRY--CORPORATE NAME
Corporate name or jurisdiction name as entry element London
Subordinate unit Greater London Authority
9 (RLIN) 3989
245 00 - TITLE STATEMENT
Title London view management framework
Remainder of title the London Plan Supplementary Planning Guidance
Medium [electronic resource]
260 ## - PUBLICATION, DISTRIBUTION, ETC.
Place of publication, distribution, etc. London
Name of publisher, distributor, etc. Greater London Authority
Date of publication, distribution, etc. 2007
520 ## - SUMMARY, ETC.
Summary, etc. Provides guidance on policies within the London Plan with respect to the protection of strategic views and proposes to update the regional guidance in RPG3a, 1991. Explains the London View Protection Framework and how designated views and important landmarks within them are to be treated. Promotes a method of assessment which will help with the management of these views. Elaborates on the treatment of 26 management plans for strategic views in London and will be of interest to boroughs and other stakeholders affected by these.
590 ## - LOCAL NOTE (RLIN)
Local note KA
650 24 - SUBJECT ADDED ENTRY--TOPICAL TERM
Topical term or geographic name entry element SKYLINE
650 24 - SUBJECT ADDED ENTRY--TOPICAL TERM
Topical term or geographic name entry element LONDON PLAN SUPPLEMENTARY PLANNING GUIDANCE
650 24 - SUBJECT ADDED ENTRY--TOPICAL TERM
Topical term or geographic name entry element RPG3A
651 #4 - SUBJECT ADDED ENTRY--GEOGRAPHIC NAME
Geographic name LONDON
690 ## - LOCAL SUBJECT ADDED ENTRY--TOPICAL TERM (OCLC, RLIN)
Topical term or geographic name as entry element ENVIRONMENTAL AND LAND CONSULTANCY-PLANNING AND DEVELOPMENT-DEVELOPMENT CONTROL
856 40 - ELECTRONIC LOCATION AND ACCESS
Uniform Resource Identifier <a href="https://www.london.gov.uk/archive/mayor/strategies/sds/docs/spg-views-final-all.pdf">https://www.london.gov.uk/archive/mayor/strategies/sds/docs/spg-views-final-all.pdf</a>
Public note View the item free of charge at www.london.gov.uk
942 ## - ADDED ENTRY ELEMENTS (KOHA)
Suppress in OPAC 0
Holdings
Withdrawn status Lost status Source of classification or shelving scheme Damaged status Not for loan Home library Current library Shelving location Date acquired Total Checkouts Full call number Barcode Date last seen Copy number Price effective from Koha item type
    Dewey Decimal Classification     Virtual Virtual Online 12/04/2007   L137502 137502-1001 06/08/2019 1 06/08/2019 Book